[Event "EU-chT prel"]
[Site "Aarhus"]
[Date "1971.09.10"]
[Round "6"]
[White "Malich, Burkhard"]
[Black "Kostro, Jerzy"]
[Result "0-1"]
[WhiteElo "2450"]
[BlackElo "2385"]

1.d4 d5 2.c4 c6 3.Nf3 Nf6 4.Nc3 e6 5.e3 Nbd7 6.Bd3 dxc4 7.Bxc4 b5 8.Bd3 b4
9.Ne4 Nxe4 10.Bxe4 Bb7 11.Qc2 Rc8 12.Bxh7 c5 13.Be4 cxd4 14.Qd3 Bxe4 15.Qxe4 dxe3
16.Bxe3 Nc5 17.Bxc5 Bxc5 18.O-O O-O 19.Ne5 Qd4 20.Qe2 Rfd8 21.Rad1 Qf4 22.g3 Qf5
23.Nd7 Be7 24.Rd2 Bg5 25.f4 Be7 26.Rfd1 Qa5 27.b3 Qc7 28.h4 Qa5 29.Qe5 Qxe5
30.Nxe5 Rxd2 31.Rxd2 Rc3 32.Kg2 f6 33.Nc4 Bc5 34.Nb2 Be3 35.Rd8+ Kh7 36.Nc4 Bc5
37.Rd2 Kg6 38.Kh3 a5 39.Re2 a4 40.Na5 Bb6 41.Nc4 Bd4 42.Rxe6 axb3 43.axb3 Rxb3
44.Nd6 Rd3 45.Kg4 b3 46.Nf5 b2 47.Re7 Rxg3+ 48.Nxg3 b1=Q 49.h5+ Kh7 50.Nf5 Qg1+
51.Kh3 Qf1+ 52.Kg3 Qf2+  0-1

[Event "HUN-ch"]
[Site "Budapest"]
[Date "1971.??.??"]
[Round "2"]
[White "Lengyel, Levente"]
[Black "Flesch, Janos"]
[Result "1-0"]
[WhiteElo "2485"]
[BlackElo "2430"]

1.c4 Nf6 2.Nf3 c6 3.d4 d5 4.Nc3 e6 5.e3 Nbd7 6.Bd3 Be7 7.O-O O-O 8.b3 b6
9.Bb2 Bb7 10.Qe2 Rc8 11.Rfd1 Qc7 12.Rac1 Qb8 13.e4 dxe4 14.Nxe4 c5 15.dxc5 bxc5
16.Nxf6+ Bxf6 17.Bxh7+ Kxh7 18.Rxd7 Bxf3 19.Qd3+ Kg8 20.Bxf6 Qf4 21.Bb2 Bc6
22.Rd6 f6 23.Re1 Rfe8 24.Bc1 Qf5 25.Qxf5 exf5 26.Rxe8+ Rxe8 27.Kf1 Be4 28.Be3 Bb1
29.Rd2 Rc8 30.Ke2 g5 31.Rb2 Be4 32.f3 Bb7  1-0

[Event "CSR-ch"]
[Site "Luhacovice"]
[Date "1971.??.??"]
[Round "1"]
[White "Kolarov, Atanas S"]
[Black "Antoshin, Vladimir S"]
[Result "1/2-1/2"]
[WhiteElo "2435"]
[BlackElo "2510"]

1.d4 Nf6 2.c4 e6 3.Nf3 d5 4.Nc3 c6 5.e3 Nbd7 6.Bd3 Bb4 7.O-O O-O 8.Qe2 Bd6
9.e4 dxc4 10.Bxc4 e5 11.d5 cxd5 12.Nxd5 Nxd5 13.Bxd5 h6 14.h3 Qe7 15.Rd1 Nb6
16.Bb3 Bd7 17.Be3 Rfd8 18.Nd2 Be6 19.Bxe6 Qxe6 20.Qb5 Bc7 21.Rdc1 Rd7 22.Nb3 Qe8
23.a4 Re7 24.Na5 Bd6 25.Qb3 Qd8 26.Rd1 Rd7 27.Nxb7 Rxb7 28.a5 Rab8 29.axb6 axb6
30.Qd5 Rd7 31.Rd2 Qc7 32.Qb5 Rdd8 33.Rad1 Kf8 34.Rd5 f6 35.Rc1 Bc5 36.Rxd8+ Qxd8
37.Bxc5+ bxc5 38.Qxc5+ Qe7 39.Qxe7+ Kxe7 40.Rc2 Rb4 41.f3 g6 42.Kf2 f5 43.exf5 gxf5
44.g4 Kf6 45.Re2 Rb3 46.Kg2 Rb5 47.Kg3 Rb3 48.Kf2 Rb5 49.h4 Rb4 50.Kg3 Rb3
51.gxf5 Kxf5 52.Kg2 Rb4 53.Kg3 h5 54.Rc2 Rb3 55.Re2 Rb4 56.Rd2 Rb3 57.Rc2 Rb8
58.Rc6 Rg8+ 59.Kf2 Rb8 60.Rh6 e4 61.fxe4+ Kxe4 62.Rg6 Kf4  1/2-1/2

[Event "Hoogovens-B"]
[Site "Wijk aan Zee"]
[Date "1971.??.??"]
[Round "?"]
[White "Van Scheltinga, Theo D"]
[Black "Zuidema, Coenraad"]
[Result "1/2-1/2"]
[WhiteElo "2370"]
[BlackElo "2420"]

1.d4 d5 2.c4 c6 3.Nf3 Nf6 4.Nc3 e6 5.e3 Nbd7 6.Bd3 dxc4 7.Bxc4 b5 8.Bd3 b4
9.Ne4 Nxe4 10.Bxe4 Bb7 11.O-O Be7 12.b3 O-O 13.Bb2 Nf6 14.Bd3 c5 15.Qe2 Rc8
16.Rfd1 cxd4 17.Bxd4 Nd5 18.Bc4 Qa5 19.Bxd5 Bxd5 20.Nd2  1/2-1/2

[Event "IBM"]
[Site "Amsterdam"]
[Date "1972.??.??"]
[Round "?"]
[White "Hartoch, Robert G"]
[Black "Langeweg, Kick"]
[Result "1/2-1/2"]
[WhiteElo "2400"]
[BlackElo "2425"]

1.c4 Nf6 2.Nf3 c6 3.d4 d5 4.Nc3 e6 5.e3 Nbd7 6.Bd3 Bb4 7.O-O O-O 8.a3 Ba5
9.b4 Bc7 10.Bb2 Qe7 11.Qc2 dxc4 12.Bxc4 e5 13.Ne4 exd4 14.Nxf6+ Nxf6 15.Bxd4 Bb6
16.Bb2 h6 17.Rad1 Be6 18.Bxe6 Qxe6 19.Nd4 Bxd4 20.Rxd4 Rfd8 21.Rfd1 Rd5 22.Rxd5 Nxd5
23.Qd3 a6 24.Qd4 f6  1/2-1/2

[Event "WchT U26"]
[Site "Graz"]
[Date "1972.??.??"]
[Round "1"]
[White "Marcus, Joost"]
[Black "Raaste, Eero J"]
[Result "1-0"]
[WhiteElo "2325"]
[BlackElo "2200"]

1.d4 Nf6 2.c4 e6 3.Nf3 d5 4.Nc3 c6 5.e3 Be7 6.Bd3 Nbd7 7.b3 b6 8.O-O Bb7
9.Bb2 O-O 10.Qe2 c5 11.Rad1 Rc8 12.Ne5 g6 13.f4 Qc7 14.cxd5 exd5 15.Qf3 c4
16.Bb1 b5 17.Nxb5 Qa5 18.bxc4 Rxc4 19.Ba3 Nxe5 20.fxe5 Bxa3 21.Nxa3 Qxa3
22.exf6 Rfc8 23.Qf4 a5 24.h4 Re8 25.Rf3 Re6 26.h5 Rcc6 27.hxg6  1-0

[Event "URS-chT Moscow"]
[Site "Moscow"]
[Date "1972.??.??"]
[Round "?"]
[White "Yuferov, Sergey  N"]
[Black "Akopian, Gagnik E"]
[Result "1-0"]
[WhiteElo "2430"]
[BlackElo "2200"]

1.d4 d5 2.c4 c6 3.Nc3 Nf6 4.e3 e6 5.Nf3 Bd6 6.Bd3 Nbd7 7.O-O O-O 8.e4 dxe4
9.Nxe4 Nxe4 10.Bxe4 f5 11.Bd3 e5 12.c5 Bb8 13.Bc4+ Kh8 14.Ng5 Qe8 15.f4 e4
16.Qb3 h6 17.Bf7 Qe7 18.Bg6 Qf6 19.Nf7+ Rxf7 20.Qxf7 Qxd4+ 21.Kh1 Qf6 22.Rd1 Qxf7
23.Bxf7 Bc7 24.Be3 Nf8 25.g3 Ne6 26.Rd2 Kh7 27.Rad1 Ba5 28.Rd6 Nf8 29.Rd8 g5
30.Rxf8 Kg7 31.Rxc8  1-0

[Event "URS-chT Moscow"]
[Site "Moscow"]
[Date "1972.??.??"]
[Round "?"]
[White "Danov, Vladimir"]
[Black "Ryskin, M."]
[Result "1-0"]
[WhiteElo "2380"]
[BlackElo "2200"]

1.c4 Nf6 2.Nc3 e6 3.Nf3 d5 4.d4 c6 5.e3 Nbd7 6.Bd3 Bd6 7.O-O O-O 8.e4 dxc4
9.Bxc4 e5 10.Bg5 Qc7 11.h3 b5 12.Bd3 a6 13.Rc1 exd4 14.Nxd4 c5 15.Nf5 Bf4
16.Ne7+ Kh8 17.Ncd5 Bh2+ 18.Kh1 Qb8 19.f4 Nxd5 20.Nxd5 Bg3 21.e5 Nxe5 22.fxe5 Qxe5
23.Qh5 h6 24.Rxf7 Rxf7 25.Qxf7 Be6 26.Qg6 Bg8 27.Bf6  1-0

[Event "URS-chT Moscow"]
[Site "Moscow"]
[Date "1972.??.??"]
[Round "?"]
[White "Chekhelian, Seiram A"]
[Black "Zilberstein, Valery I"]
[Result "1-0"]
[WhiteElo "2200"]
[BlackElo "2200"]

1.Nf3 d5 2.c4 c6 3.d4 e6 4.e3 Nf6 5.Nc3 Nbd7 6.Bd3 dxc4 7.Bxc4 b5 8.Bd3 a6
9.e4 c5 10.d5 c4 11.Bc2 e5 12.O-O Bd6 13.Qe2 O-O 14.Nd1 Nc5 15.b3 cxb3 16.axb3 Bg4
17.Ne3 Bd7 18.Nd2 a5 19.Qf3 g6 20.b4 Nb7 21.bxa5 Rxa5 22.Rxa5 Nxa5 23.Bb2 Ne8
24.Bd3 f6 25.Qe2 Qb6 26.Bc3 Bc5 27.Ra1 Nb7 28.Nb3 Be7 29.Qa2 Ned6 30.Qa7 Qxa7
31.Rxa7 Rb8 32.Nc2 Nc8 33.Ra6 Kf7 34.Nb4 Nc5 35.Nxc5 Bxc5 36.Kf1 Nd6 37.Ke2 Rc8
38.f3 Ke7 39.Nc2 Rc7 40.Bb4 Bxb4 41.Nxb4 Nc8 42.d6+  1-0

[Event "Sarajevo"]
[Site "Sarajevo"]
[Date "1972.??.??"]
[Round "7"]
[White "Rajkovic, Dusan"]
[Black "Bukal, Vladimir Sr"]
[Result "1-0"]
[WhiteElo "2390"]
[BlackElo "2425"]

1.c4 Nf6 2.Nc3 c6 3.d4 d5 4.Nf3 e6 5.e3 Nbd7 6.b3 Bd6 7.Be2 O-O 8.Qc2 e5
9.cxd5 Nxd5 10.Bb2 Nxc3 11.Bxc3 exd4 12.Nxd4 Nf6 13.O-O Nd5 14.Bb2 Qg5 15.f4 Qe7
16.Rf3 Ba3 17.Bxa3 Qxa3 18.e4 Nb6 19.Qc3 Qe7 20.Rg3 g6 21.Re3 Rd8 22.Nc2 Re8
23.Rf1 Bd7 24.a4 Rad8 25.a5 Nc8 26.e5 Bf5 27.Nd4 Nd6 28.Rg3 Ne4 29.Nxf5 Qf8
30.Qe3 Nxg3 31.Nxg3 Qb4 32.Ne4 Kg7 33.Bc4 Qxa5 34.Nf6 Rh8 35.Qg3 Rd2 36.f5 Rhd8
37.Nh5+ Kh8 38.fxg6 fxg6 39.Qg5 Qc5+ 40.Kh1 Rf8 41.Rxf8+  1-0

[Event "Skopje ol (Men) prel"]
[Site "Skopje"]
[Date "1972.??.??"]
[Round "2"]
[White "Filip, Miroslav"]
[Black "Silva, Fernando"]
[Result "1/2-1/2"]
[WhiteElo "2510"]
[BlackElo "2295"]

1.d4 d5 2.c4 e6 3.Nc3 c6 4.e3 Nf6 5.Nf3 Nbd7 6.Bd3 dxc4 7.Bxc4 b5 8.Bd3 b4
9.Ne4 Nxe4 10.Bxe4 Bb7 11.O-O Be7 12.a3 a5 13.Qc2 Rc8 14.axb4 axb4 15.Nd2 Nf6
16.Bf3 O-O 17.Nb3 Nd7 18.Bd2 Qb6 19.Na5 Ba8 20.Qa4 Rfd8 21.Rfc1 c5 22.Nc4 Qb8
23.Bxa8 Qxa8 24.Qxd7 Rxd7 25.Rxa8 Rxa8 26.Nb6 Rad8 27.Nxd7 Rxd7 28.Be1 cxd4
29.Rc8+ Bd8 30.exd4 Rxd4 31.Kf1 Kf8  1/2-1/2

[Event "Skopje ol (Men) prel"]
[Site "Skopje"]
[Date "1972.??.??"]
[Round "3"]
[White "Churh Fang, EC."]
[Black "Silva, Fernando"]
[Result "0-1"]
[WhiteElo "2200"]
[BlackElo "2295"]

1.d4 d5 2.c4 e6 3.Nf3 c6 4.Nc3 Nf6 5.e3 Nbd7 6.g3 Be7 7.Bg2 O-O 8.O-O b6
9.Qd3 Ba6 10.b3 Rc8 11.Na4 b5 12.c5 Nb8 13.Qc2 bxa4 14.Re1 Ne4 15.b4 Bb5
16.Nd2 f5 17.f3 Nxd2 18.Qxd2 Bf6 19.Bb2 Bg5 20.f4 Bh6 21.h3 g5 22.a3 Rc7
23.Kf2 Rg7 24.Rh1 Nd7 25.Rag1 Nf6 26.Ke1 gxf4 27.gxf4 Kh8 28.Bf1 Ne4 29.Qd1 Qh4+  0-1

[Event "Skopje ol (Men) prel"]
[Site "Skopje"]
[Date "1972.??.??"]
[Round "3"]
[White "Olsen, Heini"]
[Black "Lagha, Khelil"]
[Result "1/2-1/2"]
[WhiteElo "2200"]
[BlackElo "2200"]

1.d4 d5 2.Nf3 Nf6 3.c4 c6 4.e3 e6 5.Nc3 Bd6 6.Bd3 Nbd7 7.O-O O-O 8.Qc2 dxc4
9.Bxc4 b5 10.Bb3 Bb7 11.e4 e5 12.Bg5 Qc7 13.Ne2 h6 14.Bxf6 Nxf6 15.dxe5 Bxe5
16.Nxe5 Qxe5 17.f4 Qc7 18.Qc5 Qb6 19.Rac1 Rad8 20.Rf3 Qxc5+ 21.Rxc5 Rfe8
22.Ng3 g6 23.e5 Nd7 24.Rc1  1/2-1/2

[Event "Skopje ol (Men) prel"]
[Site "Skopje"]
[Date "1972.??.??"]
[Round "3"]
[White "Ungureanu, Emil"]
[Black "Bisguier, Arthur Bernard"]
[Result "1/2-1/2"]
[WhiteElo "2410"]
[BlackElo "2430"]

1.d4 Nf6 2.c4 e6 3.Nc3 d5 4.Nf3 c6 5.e3 Nbd7 6.Bd3 Bb4 7.O-O O-O 8.Qc2 Bd6
9.Rd1 Qe7 10.c5 Bc7 11.e4 dxe4 12.Nxe4 Nxe4 13.Bxe4 h6 14.Re1  1/2-1/2

[Event "Skopje ol (Men) fin-A"]
[Site "Skopje"]
[Date "1972.??.??"]
[Round "4"]
[White "Toran Albero, Roman"]
[Black "Filip, Miroslav"]
[Result "1-0"]
[WhiteElo "2420"]
[BlackElo "2510"]

1.Nf3 d5 2.c4 c6 3.d4 e6 4.Nc3 Nf6 5.e3 Nbd7 6.Bd3 dxc4 7.Bxc4 b5 8.Bd3 b4
9.Na4 c5 10.Nxc5 Bxc5 11.dxc5 Nxc5 12.Bb5+ Ke7 13.Nd4 Bb7 14.O-O Qb6 15.a3 bxa3
16.b3 a6 17.Bc4 Rhd8 18.Bxa3 Ke8 19.Qe2 Ncd7 20.f4 g6 21.Qe1 Bd5 22.Qh4 Qb7
23.Qh6 Ng8 24.Qxh7 Ne7 25.Nxe6  1-0

[Event "Skopje ol (Men) prel"]
[Site "Skopje"]
[Date "1972.??.??"]
[Round "5"]
[White "Littleton, Michael Flannan"]
[Black "Silva, Fernando"]
[Result "1/2-1/2"]
[WhiteElo "2200"]
[BlackElo "2295"]

1.d4 d5 2.c4 e6 3.Nc3 c6 4.Nf3 Nf6 5.e3 Nbd7 6.Bd3 dxc4 7.Bxc4 b5 8.Bb3 b4
9.Ne2 Bb7 10.O-O Be7 11.Nf4 O-O 12.Ng5 Qa5 13.Nxf7 Rxf7 14.Bxe6 Rf8 15.Qb3 Bd6
16.e4 Nxe4 17.Re1 Nef6 18.a3 Nd5 19.Nxd5 cxd5 20.Bd2 Qb6 21.Bxb4 Bxb4 22.Qxb4  1/2-1/2

[Event "Skopje ol (Men) prel"]
[Site "Skopje"]
[Date "1972.??.??"]
[Round "6"]
[White "Darga, Klaus"]
[Black "Frey, Kenneth"]
[Result "1/2-1/2"]
[WhiteElo "2540"]
[BlackElo "2250"]

1.c4 Nf6 2.Nc3 e6 3.Nf3 d5 4.d4 c6 5.e3 Nbd7 6.Bd3 Bb4 7.O-O O-O 8.a3 Bd6
9.e4 dxe4 10.Nxe4 Nxe4 11.Bxe4 e5 12.dxe5 Nxe5 13.Nxe5 Bxe5 14.Bxh7+ Kxh7
15.Qh5+ Kg8 16.Qxe5 Qd3 17.Be3 Qxc4 18.Rfd1 f6 19.Qg3 Qf7 20.Rd4 Bf5 21.h3 Rad8
22.Rf4 Qg6 23.Qxg6 Bxg6 24.Bxa7 Rd2 25.Rb4 Rf7 26.Be3 Rd5 27.Ra4 Rfd7 28.Kh2 Rd1
29.Rxd1 Rxd1 30.g4 Rd7 31.Kg3 Kf7 32.h4 Bc2 33.Ra8 Bd1 34.Rb8 Be2 35.h5 f5
36.gxf5 Bxh5 37.Kh4 Bf3 38.Kg5 Be4 39.Kf4 Bc2 40.Bc5 Kf6 41.Rf8+ Rf7 42.Bd4+ Ke7
43.Rxf7+ Kxf7 44.Ke5 Ke7 45.Bc5+ Kd7 46.Bf8 g6 47.f6 Bb3 48.Bc5 Bd5 49.Be7 Bb3
50.Kd4 b6 51.Ke5 Bf7 52.Bd6 c5  1/2-1/2

[Event "Skopje ol (Men) prel"]
[Site "Skopje"]
[Date "1972.??.??"]
[Round "7"]
[White "Ivkov, Borislav"]
[Black "Quinones, Oscar Carillo"]
[Result "1/2-1/2"]
[WhiteElo "2520"]
[BlackElo "2310"]

1.d4 d5 2.c4 c6 3.Nf3 Nf6 4.Nc3 e6 5.e3 Nbd7 6.Bd3 dxc4 7.Bxc4 b5 8.Bd3 b4
9.Na4 c5 10.dxc5 Bxc5 11.O-O Be7 12.Qe2 O-O 13.b3 Bb7 14.Ba6 Qc8 15.Bxb7 Qxb7
16.Bb2 Rac8 17.Rac1 Ne4 18.Nd2 Nxd2 19.Qxd2  1/2-1/2

[Event "Skopje ol (Men) fin-A"]
[Site "Skopje"]
[Date "1972.??.??"]
[Round "12"]
[White "Malich, Burkhard"]
[Black "Hamann, Svend"]
[Result "1/2-1/2"]
[WhiteElo "2490"]
[BlackElo "2490"]

1.d4 d5 2.Nf3 Nf6 3.c4 c6 4.Nc3 e6 5.e3 Nbd7 6.Bd3 Bd6 7.e4 dxe4 8.Nxe4 Nxe4
9.Bxe4 O-O 10.O-O c5 11.Re1 Qc7 12.Bc2 Rd8 13.dxc5 Bxc5 14.Qe2 Nf8 15.Bg5 f6
16.Bd2 a5 17.Rad1 e5 18.Be3 Be6 19.Bxc5 Qxc5 20.b3 a4 21.Rxd8 Rxd8 22.Rd1 Rc8
23.Nd2 Qa3 24.Nb1 Qb4 25.Qd2 Qxd2 26.Rxd2 axb3 27.axb3 Nd7 28.Nc3 Nc5 29.f3 Kf7  1/2-1/2

[Event "Skopje ol (Men) fin-B"]
[Site "Skopje"]
[Date "1972.??.??"]
[Round "13"]
[White "Van Seters, Frits"]
[Black "Siaperas, Triantafyllos"]
[Result "1/2-1/2"]
[WhiteElo "2200"]
[BlackElo "2385"]

1.d4 d5 2.c4 e6 3.Nc3 c6 4.Nf3 Nf6 5.e3 Nbd7 6.Qc2 Bd6 7.b3 O-O 8.Be2 dxc4
9.bxc4 e5 10.O-O Re8 11.Ng5 exd4 12.exd4 h6 13.Nf3 Nf8 14.h3 Ng6 15.Rd1 Nf4
16.Bf1 Be6 17.Ne5 N6h5 18.Ne2 Qg5 19.Nxf4 Nxf4 20.g3 Bxe5 21.dxe5 Qg6 22.Qxg6 Nxg6
23.f4 c5 24.Bb2 Ne7 25.Kf2 Rad8  1/2-1/2

[Event "Skopje ol (Men) fin-A"]
[Site "Skopje"]
[Date "1972.??.??"]
[Round "14"]
[White "Bilek, Istvan"]
[Black "Ree, Hans"]
[Result "0-1"]
[WhiteElo "2485"]
[BlackElo "2480"]

1.d4 d5 2.c4 c6 3.Nf3 Nf6 4.Nc3 e6 5.e3 Nbd7 6.Bd3 dxc4 7.Bxc4 b5 8.Bd3 b4
9.Na4 c5 10.e4 cxd4 11.e5 Nd5 12.O-O Be7 13.Re1 O-O 14.Qc2 g6 15.Bh6 Re8
16.Nxd4 Bb7 17.Qd2 a6 18.Bc2 Rc8 19.Bb3 Qc7 20.Qe2 Red8 21.Rad1 Nc5 22.Nxc5 Qxc5
23.Qg4 Qb6 24.Nf3 Bc5 25.Qg3 Ne7 26.Nh4 Rxd1 27.Bxd1 Bd5 28.b3 Qa5 29.Re2 Rd8
30.Rd2 Bb7 31.Qg5 Nd5 32.Bf3 Be7 33.Qg4 Qc7 34.Re2 Nf6 35.Rc2 Qxc2 36.exf6 Qb1+  0-1

[Event "Skopje ol (Men) fin-C"]
[Site "Skopje"]
[Date "1972.??.??"]
[Round "15"]
[White "Kchouk, Bechir"]
[Black "Sorri, Kari Juhani"]
[Result "1/2-1/2"]
[WhiteElo "2200"]
[BlackElo "2200"]

1.d4 d5 2.c4 c6 3.Nc3 e6 4.e3 Nf6 5.Nf3 Nbd7 6.Bd3 Bd6 7.cxd5 exd5 8.O-O O-O
9.Bd2 Re8 10.Qc2 Nf8 11.Rae1 Bg4 12.Be2 Qd7 13.Kh1 Rad8 14.Ng1 Bb8 15.Bxg4 Nxg4
16.f4 Nh6 17.Nf3 f6 18.g3 Nf5 19.g4 Nd6 20.g5 Ne4 21.Bc1 Qh3 22.Qg2 Qxg2+
23.Kxg2 Bd6 24.a3 Nxc3 25.bxc3 b5 26.h3 Nd7 27.Nd2 f5 28.Nf3 Nb6 29.Ne5 Rc8
30.Rf2 Re7  1/2-1/2

[Event "Teeside"]
[Site "Teeside"]
[Date "1972.??.??"]
[Round "7"]
[White "Gligoric, Svetozar"]
[Black "Larsen, Bent"]
[Result "1/2-1/2"]
[WhiteElo "2600"]
[BlackElo "2660"]

1.d4 d5 2.c4 e6 3.Nc3 c6 4.Nf3 Nf6 5.e3 Nbd7 6.Bd3 dxc4 7.Bxc4 b5 8.Bd3 Bb7
9.e4 b4 10.Na4 c5 11.e5 Nd5 12.O-O Rc8 13.dxc5 Be7 14.Bd2 O-O 15.Rc1 Bc6
16.Bc2 Bb5 17.Re1 Nxc5 18.Nxc5 Bxc5 19.Ng5 h6 20.Bh7+ Kh8 21.Bb1 Nb6 22.Ne4 Nc4
23.Rxc4 Bxc4 24.Nxc5 Rxc5 25.Qc2 g6 26.Bxb4 Rc6 27.Bxf8 Qxf8 28.Qd2 Bd5 29.Be4 Bxe4
30.Rxe4 Kg7 31.h3 Qc5 32.b3 Qe7 33.Rd4 g5 34.Rd6 Rc5 35.Rd7 Rc1+ 36.Qxc1 Qxd7
37.Qc5 Qd1+ 38.Kh2 a6 39.Qe7 Qd4 40.Qf6+ Kg8 41.a4 Qc3 42.g3 Qxb3 43.Qxh6 Qxa4
44.Qxg5+ Kf8 45.Qd8+ Kg7 46.Qf6+ Kg8 47.g4 a5 48.Qg5+ Kh7 49.Qh5+ Kg7 50.Qg5+ Kh7
51.Qh4+ Kg8 52.Qd8+ Kg7 53.Qf6+ Kg8 54.Qd8+ Kg7  1/2-1/2

[Event "CAN-ch"]
[Site "Toronto"]
[Date "1972.??.??"]
[Round "12"]
[White "Vranesic, Zvonko"]
[Black "Fuster, Geza"]
[Result "1-0"]
[WhiteElo "2425"]
[BlackElo "2280"]

1.c4 c6 2.Nc3 d5 3.d4 Nf6 4.e3 e6 5.Nf3 Be7 6.b3 Ne4 7.Nxe4 dxe4 8.Nd2 f5
9.Bb2 O-O 10.f3 exf3 11.Qxf3 c5 12.O-O-O Qa5 13.Kb1 Bf6 14.Qf2 Bd7 15.Nf3 Bc6
16.Bd3 Be4 17.Qc2 Bxf3 18.gxf3 cxd4 19.exd4 Nc6 20.Bc3 Qa3 21.d5 Bxc3 22.Qxc3 exd5
23.cxd5 Nb4 24.Rd2 Rac8 25.Qd4 Nxd3 26.Qxd3 Qd6 27.Re1 Rf6 28.Qd4 b6 29.f4 Rd8
30.Re5 Rf7 31.Re6 Qc5 32.Qxc5 bxc5 33.Rc6 Rfd7 34.Rxc5 Kf7 35.Kc2 Re8 36.d6 Kf6
37.Rc7 Red8 38.Kc3 Ke6 39.Kb4 Rxc7 40.dxc7 Rc8 41.Rc2 g5 42.fxg5 f4 43.Kb5 Kd6
44.Rd2+ Kxc7 45.Rc2+ Kb7 46.Rxc8 Kxc8 47.Kc4  1-0

[Event "Hoogovens-B"]
[Site "Wijk aan Zee"]
[Date "1972.??.??"]
[Round "?"]
[White "Lehmann, Heinz Dr"]
[Black "Van Scheltinga, Theo D"]
[Result "1/2-1/2"]
[WhiteElo "2395"]
[BlackElo "2360"]

1.c4 e6 2.Nf3 d5 3.d4 Nf6 4.Nc3 c6 5.e3 a6 6.b3 Nbd7 7.Bd3 Bd6 8.O-O O-O
9.Bb2 Qe7 10.e4 dxc4 11.bxc4 e5 12.d5 Nc5 13.Re1 Nh5 14.Bf1 Nf4 15.Na4 Nxa4
16.Qxa4 Bg4 17.Qb3 Qf6 18.Re3 Rfe8 19.Ba3 Bxa3 20.Qxa3 cxd5 21.cxd5 Rac8
22.Ne1 Qb6 23.h3 Bd7 24.Rc1 Rxc1 25.Qxc1 Rc8 26.Rc3 Rxc3 27.Qxc3 f6 28.Nd3 Nxd3
29.Bxd3 Kf7 30.h4 Ke7 31.Bc2 Kd6 32.Qg3 g6 33.Qf3 Ke7 34.Qa3+ Qd6 35.Qe3 Kf8
36.Bb3 b5 37.Qd2 b4 38.Qc2 f5 39.exf5 Bxf5 40.Qd2 h5 41.Qh6+ Ke7 42.Qe3 Kd8
43.Qa7 Bd3 44.Qe3 Bb5  1/2-1/2

[Event "IBM"]
[Site "Amsterdam"]
[Date "1973.??.??"]
[Round "3"]
[White "Langeweg, Kick"]
[Black "Marovic, Drazen"]
[Result "1-0"]
[WhiteElo "2430"]
[BlackElo "2480"]

1.Nf3 Nf6 2.c4 c6 3.Nc3 d5 4.e3 e6 5.d4 Nbd7 6.Bd3 Bd6 7.e4 dxe4 8.Nxe4 Nxe4
9.Bxe4 e5 10.O-O exd4 11.Qxd4 Qf6 12.Bg5 Qxd4 13.Nxd4 Be5 14.Rad1 f6 15.Bc1 Nc5
16.Nxc6 Be6 17.Nxe5 Nxe4 18.Rfe1 Nxf2 19.Rd6 fxe5 20.Rxe6+ Kf7 21.R6xe5 Nd3
22.Rf1+ Kg6 23.Re6+  1-0

[Event "HUN-ch"]
[Site "?"]
[Date "1973.??.??"]
[Round "?"]
[White "Honfi, Karoly"]
[Black "Petran, Pal"]
[Result "1-0"]
[WhiteElo "2445"]
[BlackElo "2200"]

1.Nf3 d5 2.c4 c6 3.d4 Nf6 4.Nc3 e6 5.e3 Nbd7 6.Bd3 dxc4 7.Bxc4 b5 8.Bd3 Bb7
9.O-O b4 10.Na4 c5 11.dxc5 Bxc5 12.Nxc5 Nxc5 13.Bb5+ Ke7 14.Bd2 Qb6 15.Nd4 a6
16.Be2 Rhd8 17.a3 a5 18.axb4 axb4 19.Qc2 Bd5 20.Rxa8 Rxa8 21.Rc1 Nfe4 22.Be1 b3
23.Qb1 Ra2 24.f3 f5 25.Bc4 Bxc4 26.Rxc4 Nd6 27.Rc1 g6 28.Bb4 Na4 29.Ba3 e5
30.Rc6 exd4 31.Bxd6+ Ke6 32.Rxb6  1-0

[Event "CSR-ch"]
[Site "Luhacovice"]
[Date "1973.??.??"]
[Round "7"]
[White "Smejkal, Jan"]
[Black "Minev, Nikolay N"]
[Result "1/2-1/2"]
[WhiteElo "2545"]
[BlackElo "2430"]

1.c4 c6 2.d4 d5 3.Nf3 Nf6 4.Nc3 e6 5.e3 a6 6.c5 Nbd7 7.b4 a5 8.b5 e5 9.Be2 e4
10.Nd2 g6 11.Qa4 Qc7 12.Nb3 Bh6 13.Bd2 O-O 14.b6 Qd8 15.Nxa5 Qe8 16.Qb4 Nb8
17.a4 Nfd7 18.Nb3 f5 19.g3 Qe7 20.Kd1 Na6 21.Qa3 Rf7 22.Kc2 Bf8 23.a5 Ndb8
24.Raf1 Be6 25.Na2 Qd8 26.Qc1 Be7 27.Kb2 Qf8 28.f4 exf3 29.Rxf3 Bf6 30.Bd3 Kh8
31.h3 Bg7 32.Bc3 Kg8 33.Rhf1 Qc8 34.R1f2 Re7 35.Qf1 Qe8 36.Qg2 Qc8 37.Rf1 Bd7
38.Rg1 Qe8 39.Bd2 h5 40.Kb1 Bh6 41.Qf2 Re4 42.Nac1 Be6 43.Qh2 Bg7 44.Rf4 Nd7
45.Be2 Nf6 46.Nd3 Nb8 47.Nb4 Bd7 48.Rf3 Bh6 49.Bd3 Bxe3  1/2-1/2

[Event "CSR-ch"]
[Site "Luhacovice"]
[Date "1973.??.??"]
[Round "9"]
[White "Pribyl, Josef"]
[Black "Smejkal, Jan"]
[Result "1/2-1/2"]
[WhiteElo "2450"]
[BlackElo "2545"]

1.d4 Nf6 2.c4 e6 3.Nc3 d5 4.Nf3 c6 5.e3 Nbd7 6.Be2 Bd6 7.O-O O-O 8.a3 dxc4
9.Bxc4 e5 10.Ba2 Qe7 11.h3 h6 12.Qc2 Re8 13.Nh4 Nb6 14.Ng6 Qc7 15.dxe5 Bxe5
16.Nxe5 Qxe5 17.Bb1 Nbd5 18.Nxd5 Qxd5 19.b4 Be6 20.Bb2 Qc4 21.Bc3 Red8 22.Qb2 Ne8
23.Bc2 f6 24.Bd4 Nd6 25.Rfc1 Qd5 26.Rd1 Qh5 27.Bc5 Nc4 28.Qc3 b6 29.Rxd8+ Rxd8
30.Bb3 bxc5 31.Bxc4 Rd1+ 32.Kh2 Bxc4 33.Rxd1 Qxd1 34.Qxc4+ Kh7 35.Qxc5 Qa1
36.Qxa7 Qe5+ 37.f4 Qc3 38.a4 Qxb4 39.a5 h5 40.Qb6 Qe1 41.a6 h4 42.e4 Qf1
43.a7 Qxf4+ 44.Kh1 Qc1+ 45.Qg1 Qa3 46.Qb6 Qc1+ 47.Kh2 Qf4+ 48.Kg1 Qc1+ 49.Kf2 Qd2+
50.Kf3 Qd1+ 51.Kf2 Qd2+ 52.Kg1 Qc1+ 53.Kh2 Qf4+  1/2-1/2

[Event "ARG-ch"]
[Site "Santa Fe"]
[Date "1973.??.??"]
[Round "9"]
[White "Szmetan, Jorge"]
[Black "Jovanovich, M."]
[Result "1-0"]
[WhiteElo "2390"]
[BlackElo "2200"]

1.d4 d5 2.c4 e6 3.Nf3 c6 4.e3 Nf6 5.Nc3 Nbd7 6.Bd3 Bd6 7.O-O O-O 8.e4 dxe4
9.Nxe4 Nxe4 10.Bxe4 f5 11.Bc2 e5 12.Ng5 Nf6 13.c5 Bc7 14.dxe5 Bxe5 15.Re1 Qxd1
16.Bxd1 Bd4 17.Be3 Bxb2 18.Rb1 Bc3 19.Bb3+ Nd5 20.Red1 Rd8 21.Bd4 Bxd4 22.Rxd4 h6
23.Bxd5+ Rxd5 24.Rxd5 cxd5 25.Nf3 Kf7 26.Nd4 f4 27.Nb5 Rb8 28.c6 Bf5 29.c7 Rf8
30.Nd6+ Ke6 31.Nxf5 Kxf5 32.Rxb7 Rc8 33.Rxa7 Ke6 34.Kf1 Kd6 35.Ke2 Kc6 36.Ra3 d4
37.Ra4 Kc5 38.Kd3 Rxc7 39.Rc4+  1-0

[Event "Stary Smokovec"]
[Site "Stary Smokovec"]
[Date "1973.??.??"]
[Round "4"]
[White "Szilagyi, Gyorgy"]
[Black "Fichtl, Jiri"]
[Result "1/2-1/2"]
[WhiteElo "2350"]
[BlackElo "2375"]

1.c4 Nf6 2.Nc3 e6 3.Nf3 d5 4.d4 c6 5.e3 Nbd7 6.Bd3 Be7 7.O-O O-O 8.b3 b6
9.Bb2 Bb7 10.Qe2 Rc8 11.Rad1 Qc7 12.Ne5 Nxe5 13.dxe5 Nd7 14.f4 f5 15.exf6 Bxf6
16.Qh5 h6 17.g4 d4 18.Ne4 dxe3 19.Nxf6+ Nxf6 20.Bxf6 Rxf6 21.Qe5  1/2-1/2

[Event "URS-ch sf"]
[Site "Tbilisi"]
[Date "1973.??.??"]
[Round "16"]
[White "Furman, Semen Abramovich"]
[Black "Osnos, Viatcheslav"]
[Result "1-0"]
[WhiteElo "2540"]
[BlackElo "2510"]

1.Nf3 d5 2.d4 Nf6 3.c4 c6 4.Nc3 e6 5.e3 Nbd7 6.Bd3 dxc4 7.Bxc4 b5 8.Bd3 b4
9.Ne4 Nxe4 10.Bxe4 Bb7 11.Qa4 Qb6 12.Nd2 a5 13.Nc4 Qc7 14.O-O Be7 15.Bd2 O-O
16.a3 Nf6 17.Bf3 c5 18.Bxb7 Qxb7 19.Nxa5 Rxa5 20.Qxa5 Ra8 21.Qxa8+ Qxa8 22.axb4 Qb8
23.bxc5 Qxb2 24.Ra8+ Bf8 25.c6 Qb6 26.Bb4 h5 27.Rxf8+ Kh7 28.Rc1 Qxb4 29.c7 Qxf8
30.c8=Q  1-0

[Event "BCF-ch"]
[Site "Clacton on Sea"]
[Date "1974.08.14"]
[Round "9"]
[White "Perkins, Alan H"]
[Black "Knox, Victor W"]
[Result "1/2-1/2"]
[WhiteElo "2360"]
[BlackElo "2200"]

1.d4 d5 2.c4 c6 3.Nf3 Nf6 4.Nc3 e6 5.e3 Nbd7 6.Bd3 dxc4 7.Bxc4 b5 8.Bd3 a6
9.e4 c5 10.d5 Bb7 11.dxe6 fxe6 12.Qe2 Be7 13.Bc2 Qb6 14.e5 Nd5 15.Ng5 O-O-O
16.Nf7 Nxc3 17.bxc3 Rhf8 18.Nxd8 Bxg2 19.Be4 Bxh1 20.Nc6 Bh4 21.Bxh1 Bxf2+
22.Qxf2 Rxf2 23.Kxf2 Qc7 24.Bf4 Nb6 25.Bg5 Nd5 26.Bxd5 exd5 27.Ne7+ Kb7 28.Rc1 h6
29.Kg1 hxg5 30.Nxd5 Qf7  1/2-1/2

[Event "Espergarde"]
[Site "Espergarde"]
[Date "1974.??.??"]
[Round "1"]
[White "Telling, K."]
[Black "Kayser, Ib"]
[Result "1/2-1/2"]
[WhiteElo "2200"]
[BlackElo "2200"]

1.d4 Nf6 2.c4 e6 3.Nf3 d5 4.Nc3 c6 5.e3 Nbd7 6.Bd3 dxc4 7.Bxc4 b5 8.Bd3 b4
9.Ne4 Bb7 10.Ng3 c5 11.O-O Qb6 12.Re1 Be7 13.b3 cxd4 14.exd4 Rc8 15.Bb2 Nd5
16.Ne4 N7f6 17.Ne5 Nf4 18.Nc4 Qd8 19.Nxf6+ Bxf6 20.Be4 Bd5 21.Qd2 Bxe4 22.Rxe4 Nd5
23.a3 a5 24.axb4 axb4 25.Ra6 O-O 26.Qe1 Ra8 27.Rd6 Qc7 28.Rexe6 fxe6 29.Qxe6+ Qf7
30.Qxf7+ Kxf7 31.Rxd5 Rfd8 32.Rf5 Ke6 33.Rf4 Ra2 34.Kf1 g5 35.d5+ Rxd5 36.Rxf6+ Ke7
37.Rb6 Rd1+ 38.Ke2 Rd4 39.Rxb4 Rxb2+ 40.Ke3 Rxc4 41.Rxc4 Rxb3+  1/2-1/2

[Event "Espergarde"]
[Site "Espergarde"]
[Date "1974.??.??"]
[Round "2"]
[White "Kayser, Ib"]
[Black "Clausen, Martin"]
[Result "1/2-1/2"]
[WhiteElo "2200"]
[BlackElo "2200"]

1.d4 d5 2.c4 c6 3.Nc3 Nf6 4.e3 e6 5.Nf3 Nbd7 6.Qc2 Bd6 7.Be2 dxc4 8.Bxc4 e5
9.O-O O-O 10.Rd1 Qc7 11.Qd3 exd4 12.exd4 Nb6 13.Bb3 Nbd5 14.Ne4 Nxe4 15.Qxe4 Ne7
16.Ne5 Bf5 17.Qe2 Ng6 18.f4 c5 19.Qh5 Be4 20.Re1 Bxe5 21.fxe5 Qc6 22.Qg4 Bd5
23.Bxd5 Qxd5 24.Be3 cxd4 25.Bxd4 Rfe8  1/2-1/2